| 000 | 00885nam0a22002891 4500 | ||
|---|---|---|---|
| 001 | rc\4470169 | ||
| 005 | 20250612092611.0 | ||
| 021 |
_aRU _b[68-55807] |
||
| 035 | _a(NLR Aleph) 008595970 | ||
| 090 |
_a8673456 _c8673456 |
||
| 100 | _a20130416d1968 |||y0rusy50 ca | ||
| 101 | 0 | _arus | |
| 102 | _aRU | ||
| 105 | _aa z ||||| | ||
| 200 | 1 | _aБионика | |
| 205 | _a2-е изд., перераб. и доп. | ||
| 210 |
_aМосква _cЭнергия _d1968 |
||
| 215 |
_a113 с. _cчерт. _d20 |
||
| 225 | 1 |
_aМассовая радиобиблиотека _vВып. 680 |
|
| 606 |
_aБионика _2psbo |
||
| 700 | 1 |
_aКрайзмер _bЛ.П. _f1912- _gЛеонид Павлович |
|
| 701 | 1 |
_aСочивко _bВ.П. _gВладимир Петрович |
|
| 801 | 0 |
_aRU _bNLR _gpsbo |
|
| 801 | 1 |
_aRU _bELAR _2rusmarc |
|
| 852 |
_aNLR _j68-3/4630 |
||
| 942 | _cBOOK | ||
| 980 | _aNB | ||